| 000 | 01179nab a22002537a 4500 | ||
|---|---|---|---|
| 999 |
_c5552 _d5552 |
||
| 003 | OSt | ||
| 005 | 20251218080257.0 | ||
| 008 | 190429b xxu||||| |||| 00| 0 spa d | ||
| 040 | _cPJ | ||
| 100 |
_94085 _aÁlvarez Doyle, Daniel |
||
| 245 | 1 | 3 |
_aAportes para una futura reforma del Código Penal argentino A propósito de las fórmulas nebulosas de los incisos 1° y 11 del art. 80 del Código Penal / _cDaniel Alvarez Doyle, Juan Cruz Chapuy. |
| 260 |
_cCiudad Autónoma de Buenos Aires : _aThomson Reuters La Ley, _b2025. |
||
| 300 | _ap. 5-19 | ||
| 500 | _aCita: TR LALEY AR/DOC/394/2025 | ||
| 505 | _aSumario: I. Introito.— II. Relación de pareja.— III. Femicidio.— IV. Bibliografía. | ||
| 505 | _tSi te interesa el texto completo, solicitalo a koha@justierradelfuego.gov.ar | ||
| 650 | 0 |
_9343 _aDERECHO PENAL |
|
| 650 | 0 |
_92480 _aCODIGO PENAL |
|
| 650 | 0 |
_92682 _aDELITOS CONTRA LAS PERSONAS |
|
| 650 | 0 |
_93054 _aFEMICIDIO |
|
| 700 |
_96530 _aChapuy, Juan Cruz _ecoautor |
||
| 773 | 0 |
_02658 _93164 _tRevista de derecho penal y criminología. Nº 3 - Abril 2025 _dCiudad Autónoma de Buenos Aires : Thomson Reuters La Ley, 2017- _x00347914 |
|
| 942 |
_2udc _cANA |
||